00948cam a2200265 a 4500999001500000001000600015003000900021005001700030008004100047020001700088040003800105082002300143100001800166245002900184260005400213300004500267490004700312504005100359650002700410650004200437650003600479710003400515942001200549952012100561 c2931d293110836BD-DhUAP20210130162240.0200229s1998 bg abf b f000 0 eng  a984300000965 aBD-DhUAPcBD-DhUAPdBD-DhUAPbEng a398.095492 AHM223 aAhmed, Wakil. aFolklore /cWakil Ahmed. aDhaka : bAsiatic Society of Bangladesh,cc2007. axi, 410 pages :billustrations ;c24 cm. aCultural survey of Bangladesh series ;v7. aIncludes bibliographical references and index. aFolklore -- Bangladesh aBangladesh -- Social life and customs aMaterial culture -- Bangladesh. aAsiatic Society of Bangladesh 2ddccBK 00102ddc4070aUAPCLbUAPCLcGeneral Stacksd2020-02-29o398.095492 AHMp3010010836r2020-02-29t1w2020-02-29yBK